000 00448nam a2200157 i 4500
001 61711
003 ES-MaACL
007 t|
008 031113s1913 fr ||||1| fre d
100 1 _aFaguet, Émile,
_d1847-1916
_948632
245 1 0 _aRousseau artiste /
_cEmile Faguet.
260 _aParis :
_b[s.n.,
_c1913] (
_fSocietè Francaise d'Imprimerie)
300 _a394 p. ;
_c18 cm.
852 _aES-MaACL
_jG-4607
999 _c61711
_d61711